000 00579nam a22001697a 4500
005 20251108173327.0
008 250721s2000 xx 000 0 ara d
082 1 4 _aط/ 551.6
245 1 0 _aحقائق عن الجو : أرقام قياسية . قوائم. موازنات /
264 1 _aبيروت :
_bمؤسسة الإيمان،
_c2000.
300 _a66ص.
650 1 7 _aالأحوال الجوية
653 _aناشئون صغار (10-14 سنة)
710 2 _aمؤسسة الإيمان : قسم الترجمة و التأليف
942 _2ddc
_cBK
999 _c101348
_d101348